| 000 | 00337 a2200145 4500 | ||
|---|---|---|---|
| 001 | 149902 | ||
| 040 | _cEscola São Tomás de Aquino | ||
| 240 | 1 | 0 |
_aA galinha ruiva _lpor |
| 245 | 1 | 0 | _aA galinha ruiva |
| 300 | _a25 | ||
| 362 | 0 | _a1998 | |
| 440 | 1 | _aSalamandra | |
| 697 | _aContos de Fadas e Clássicos da Literatura | ||
| 942 | _cBK | ||
| 999 |
_c149902 _d149902 |
||